| 000 | 00686nam a2200241Ia 4500 | ||
|---|---|---|---|
| 008 | 160319s9999 xx 000 0 und d | ||
| 245 | _aJuilliard music adventure / | ||
| 260 | _bTheatrix Interactive. | ||
| 260 | _c1995 | ||
| 300 | _a1 computer optical disc : | ||
| 300 | _bdigital, stereo. ; | ||
| 300 | _c4 3/4 in. | ||
| 650 | _aComposition (Music) -- | ||
| 650 | _aComposition (Music) -- | ||
| 650 | _aMelody -- | ||
| 650 | _aMusical meter and rhythm -- | ||
| 650 | _aPopular music -- Writing and publishing -- | ||
| 650 | _x Interactive multimedia. | ||
| 650 | _x Interactive multimedia. | ||
| 650 | _xSoftware. | ||
| 650 | _xSoftware. | ||
| 650 | _xSoftware. | ||
| 999 |
_c292788 _d292788 |
||